[Event "12. Lichtenberger Sommer"]
[Site "Berlin"]
[Date "2013.08.24"]
[Round "8.38"]
[White "Guzzetti, Luigi Enrico"]
[Black "Badestein, Hartmut"]
[Result "0-1"]
[WhiteElo "1873"]
[BlackElo "2083"]
[PlyCount "97"]
[EventDate "2013.??.??"]
[WhiteTeam "C.S. Scacco Matto Como"]
[BlackTeam "SC Friesen Lichtenberg e.V."]

1. e4 c5 2. Nf3 d6 3. d4 cxd4 4. Nxd4 Nf6 5. Nc3 a6 6. Be2 e6 7. O-O Be7 8. Be3
O-O 9. Qd2 Qc7 10. a4 Nc6 11. f3 Bd7 12. Nb3 Nb4 13. a5 d5 14. Bb6 Qb8 15. Bd3
Nxd3 16. cxd3 Bc6 17. Nd4 Qd6 18. Qe2 Nd7 19. Nxc6 bxc6 20. Bf2 d4 21. Na4 Rab8
22. f4 f6 23. Bg3 Rb5 24. Be1 Qc7 25. Rc1 Bb4 26. Bxb4 Rxb4 27. Nc5 Nxc5 28.
Rxc5 Rfb8 29. Qg4 Qd7 30. Rfc1 Rxb2 31. Rxc6 Rb1 32. Qd1 Qxc6 33. Rxb1 Rxb1 34.
Qxb1 Qc3 35. Qb8+ Kf7 36. Qb7+ Kg6 37. Qb1 Qxa5 38. g4 Qd2 39. f5+ exf5 40.
gxf5+ Kh6 41. Qf1 Qe3+ 42. Kh1 a5 43. Qd1 a4 44. Qxa4 Qxd3 45. Qa1 Qxe4+ 46.
Kg1 Qe3+ 47. Kh1 d3 48. Qa4 Qc1+ 49. Kg2 0-1

[Event "12. Lichtenberger Sommer"]
[Site "Berlin"]
[Date "2013.08.24"]
[Round "8.40"]
[White "Schleich, Theodor"]
[Black "Reiche, Andreas"]
[Result "1-0"]
[WhiteElo "2051"]
[BlackElo "1940"]
[PlyCount "51"]
[EventDate "2013.??.??"]
[WhiteTeam "SK Siemens München"]
[BlackTeam "SV Berolina Mitte e.V."]

1. d4 d6 2. e4 Nf6 3. Nc3 Bg4 4. f3 Bh5 5. Bc4 Bg6 6. Be3 Nbd7 7. Qe2 e6 8. h4
Nh5 9. Qf2 h6 10. Nge2 d5 11. Bb3 dxe4 12. fxe4 Nhf6 13. O-O-O Ng4 14. Qf4 Nxe3
15. Qxe3 Be7 16. g3 O-O 17. Nf4 Bh7 18. e5 c6 19. Kb1 a5 20. Bc4 Qb6 21. Bd3
Ba3 22. Bxh7+ Kxh7 23. Na4 Qb4 24. Qxa3 Qxa3 25. bxa3 b5 26. Nb2 1-0

[Event "12. Lichtenberger Sommer"]
[Site "Berlin"]
[Date "2013.08.24"]
[Round "8.41"]
[White "Alcer, Fabian"]
[Black "Sabrowski, Uwe"]
[Result "0-1"]
[WhiteElo "1776"]
[BlackElo "2114"]
[PlyCount "44"]
[EventDate "2013.??.??"]
[WhiteTeam "SV Empor Berlin e.V."]
[BlackTeam "SC Friesen Lichtenberg e.V."]

1. e4 c5 2. Nf3 Nc6 3. c3 d5 4. exd5 Qxd5 5. d4 cxd4 6. cxd4 Bg4 7. Nc3 Bxf3 8.
Nxd5 Bxd1 9. Nc7+ Kd7 10. Nxa8 Bh5 11. d5 Nd4 12. Bd3 e5 13. dxe6+ fxe6 14. O-O
Ne7 15. Be3 Nec6 16. Be4 Bc5 17. Bxc6+ bxc6 18. Rad1 Bxd1 19. Rxd1 e5 20. f4
Rxa8 21. fxe5 Ke6 22. Bxd4 Rd8 0-1

[Event "12. Lichtenberger Sommer"]
[Site "Berlin"]
[Date "2013.08.24"]
[Round "8.42"]
[White "Dreke, Frank"]
[Black "Steiner, Wolfram"]
[Result "1/2-1/2"]
[WhiteElo "1990"]
[BlackElo "1978"]
[PlyCount "81"]
[EventDate "2013.??.??"]
[WhiteTeam "Treptower SV 1949 e.V."]
[BlackTeam "SG Lasker Steglitz-Wilmersdorf"]

1. e4 e5 2. Nf3 Nc6 3. d4 exd4 4. Bc4 Bc5 5. c3 Nf6 6. e5 d5 7. Bb5 Ne4 8. cxd4
Bb6 9. O-O O-O 10. Be3 f5 11. exf6 Nxf6 12. Bxc6 bxc6 13. Ne5 Ba6 14. Re1 Qd6
15. f3 Rae8 16. Nc3 Re6 17. a3 Nd7 18. f4 Qe7 19. Qd2 g5 20. fxg5 Nxe5 21. dxe5
Qxg5 22. Kh1 Rf1+ 23. Rxf1 Bxe3 24. Qc2 Bxf1 25. Rxf1 Qxe5 26. g3 Bd4 27. Nd1
Qe4+ 28. Qxe4 Rxe4 29. Nf2 Re2 30. Nd3 Bxb2 31. Nb4 Bxa3 32. Nxc6 Rc2 33. Nxa7
Rc1 34. Rxc1 Bxc1 35. Nb5 c5 36. Kg2 Kf7 37. Nc7 Kf6 38. Nxd5+ Ke5 39. Nc3 Bd2
40. Ne2 Ke4 41. Kf2 1/2-1/2

[Event "12. Lichtenberger Sommer"]
[Site "Berlin"]
[Date "2013.08.24"]
[Round "8.43"]
[White "Shapiro, Yosip"]
[Black "Brüning, Wolfgang"]
[Result "1-0"]
[WhiteElo "2112"]
[BlackElo "1962"]
[PlyCount "53"]
[EventDate "2013.??.??"]
[WhiteTeam "SV Berolina Mitte e.V."]
[BlackTeam "Queer-Springer SSV Berlin"]

1. e4 e6 2. d4 d5 3. Nc3 Nf6 4. Bg5 Be7 5. e5 Nfd7 6. h4 h6 7. Bxe7 Qxe7 8. Qg4
Rg8 9. O-O-O a6 10. Bd3 Nf8 11. Nce2 Bd7 12. Nf4 Bb5 13. Nxd5 exd5 14. Qc8+ Qd8
15. Qxb7 Bc6 16. Qb3 Ra7 17. c3 Rb7 18. Qc2 Ne6 19. Ne2 Qe7 20. f4 Bb5 21. f5
Nf8 22. Nf4 Bxd3 23. Qxd3 Qd7 24. e6 fxe6 25. Rhe1 Rb6 26. fxe6 Qd6 27. Qf5 1-0

[Event "12. Lichtenberger Sommer"]
[Site "Berlin"]
[Date "2013.08.24"]
[Round "8.44"]
[White "Barwich, Andreas"]
[Black "Keusch, Horst"]
[Result "1-0"]
[WhiteElo "1935"]
[BlackElo "2021"]
[PlyCount "125"]
[EventDate "2013.??.??"]
[WhiteTeam "SV Berolina Mitte e.V."]
[BlackTeam "SC Friesen Lichtenberg e.V."]

1. e4 g6 2. d4 c6 3. c3 Bg7 4. Nf3 d5 5. exd5 cxd5 6. h3 Nc6 7. Bd3 Nf6 8. Bf4
Bf5 9. Bxf5 gxf5 10. Ne5 Qb6 11. Qb3 Qa6 12. Qa3 Qb6 13. Qb3 Nxe5 14. Bxe5 Qc6
15. Nd2 Rg8 16. Rg1 Nh5 17. Qd1 Nf6 18. Qf3 e6 19. O-O-O Ke7 20. Rde1 Ne4 21.
Bxg7 Rxg7 22. Nxe4 fxe4 23. Qf4 Rag8 24. g4 Qd6 25. Qxd6+ Kxd6 26. Re3 f5 27.
Reg3 f4 28. R3g2 e5 29. dxe5+ Kxe5 30. g5 Kf5 31. h4 h6 32. Rd1 Rd8 33. Rdg1 f3
34. Rg3 hxg5 35. hxg5 Rg6 36. Kc2 d4 37. Rd1 d3+ 38. Kd2 Rxg5 39. Rxg5+ Kxg5
40. Rg1+ Kf4 41. Rg7 Re8 42. Rxb7 e3+ 43. fxe3+ Kg3 44. Rxa7 Kf2 45. Kxd3 Rxe3+
46. Kd4 Ke2 47. Rf7 f2 48. Rxf2+ Kxf2 49. a4 Ke2 50. b4 Kd2 51. c4 Ra3 52. c5
Rxa4 53. Kc4 Kc2 54. c6 Kb2 55. c7 Ra3 56. Kd5 Rc3 57. Kd6 Kb3 58. b5 Rd3+ 59.
Kc6 Rc3+ 60. Kd7 Rd3+ 61. Kc8 Rh3 62. b6 Kc4 63. Kb8 1-0

[Event "12. Lichtenberger Sommer"]
[Site "Berlin"]
[Date "2013.08.24"]
[Round "8.45"]
[White "Bertram, Johannes"]
[Black "Schabe, Felix"]
[Result "1-0"]
[WhiteElo "1971"]
[BlackElo "1746"]
[PlyCount "63"]
[EventDate "2013.??.??"]
[WhiteTeam "Europchess"]
[BlackTeam "SV Empor Berlin e.V."]

1. e4 e5 2. Nc3 Nf6 3. f4 d6 4. Nf3 Nbd7 5. Bc4 Be7 6. d3 c6 7. a4 O-O 8. Qe2
Re8 9. O-O d5 10. Bb3 exf4 11. Bxf4 Nc5 12. Ba2 Ne6 13. Bg3 Qb6+ 14. Kh1 d4 15.
Nd1 Nh5 16. Be5 Nhf4 17. Qf2 Ng6 18. Bxd4 Nxd4 19. Nxd4 Bf6 20. c3 Ne5 21. Qg3
c5 22. Nb5 Bd7 23. Ne3 Qd8 24. Nd6 Rf8 25. Nd5 Ng4 26. Nxb7 Be5 27. Qxg4 Bxg4
28. Nxd8 Raxd8 29. Ne7+ Kh8 30. Nc6 Rde8 31. Bxf7 Be2 32. Bxe8 1-0

[Event "12. Lichtenberger Sommer"]
[Site "Berlin"]
[Date "2013.08.24"]
[Round "8.46"]
[White "Merz, Rüdiger"]
[Black "Junge, Wolfgang"]
[Result "1-0"]
[WhiteElo "1900"]
[BlackElo "1819"]
[PlyCount "93"]
[EventDate "2013.??.??"]
[WhiteTeam "SK Zehlendorf e.V."]
[BlackTeam "SC Friesen Lichtenberg e.V."]

1. e4 e5 2. Nf3 Nf6 3. Nxe5 d6 4. Nf3 Nxe4 5. d4 d5 6. Bd3 Nc6 7. O-O Be7 8.
Re1 Bg4 9. c3 f5 10. h3 Bh5 11. Qc2 O-O 12. Nh2 Bd6 13. g3 Qf6 14. Nd2 Qg6 15.
Ndf3 Nxf2 16. Qxf2 Bxg3 17. Qg2 Bxe1 18. Qxg6 Bxg6 19. Nxe1 Rae8 20. Bf4 Rf7
21. Nhf3 Bh5 22. Kf2 Bxf3 23. Nxf3 g6 24. Rg1 Kg7 25. Bb5 Re4 26. Bxc6 Rxf4 27.
Bxd5 Re7 28. Bxb7 h6 29. h4 c5 30. Bc6 cxd4 31. cxd4 Rc7 32. d5 Kf6 33. Re1 Re7
34. d6 Rxe1 35. Kxe1 Ke6 36. d7 Ke7 37. Ne5 Rd4 38. Nxg6+ Kd8 39. Ne5 Ke7 40.
Kf2 Rd6 41. Ba4 Ke6 42. Nc4 Rd4 43. Ke3 Re4+ 44. Kd3 Ke7 45. Bc6 Re6 46. Na5
Rd6+ 47. Ke3 1-0

[Event "12. Lichtenberger Sommer"]
[Site "Berlin"]
[Date "2013.08.24"]
[Round "8.47"]
[White "Schönberger, Kay"]
[Black "Richter, Götz"]
[Result "0-1"]
[WhiteElo "1891"]
[BlackElo "2003"]
[PlyCount "52"]
[EventDate "2013.??.??"]
[WhiteTeam "SV Koblenz 03/25"]
[BlackTeam "Klub Kölner Schachfreunde e.V. 1"]

1. d4 Nf6 2. c4 e6 3. Nc3 Bb4 4. Bg5 h6 5. Bh4 c5 6. d5 d6 7. Qb3 g5 8. Bg3 Ne4
9. O-O-O Bxc3 10. bxc3 Qf6 11. Rd3 e5 12. Qb5+ Nd7 13. f3 a6 14. Qb1 b5 15.
cxb5 axb5 16. Qxb5 Ke7 17. Qb3 c4 18. Qxc4 Nxg3 19. hxg3 Ba6 20. Qb3 Rhb8 21.
Qc2 Bc4 22. Rd1 Rxa2 23. Qh7 Nc5 24. Rxh6 Nb3+ 25. Kb1 Nd4+ 26. Kc1 Qxh6 0-1

[Event "12. Lichtenberger Sommer"]
[Site "Berlin"]
[Date "2013.08.24"]
[Round "8.48"]
[White "Strehlow, Horst"]
[Black "Burger, Heinrich"]
[Result "1/2-1/2"]
[WhiteElo "2026"]
[BlackElo "2120"]
[PlyCount "41"]
[EventDate "2013.??.??"]
[WhiteTeam "SC Friesen Lichtenberg e.V."]
[BlackTeam "VfB Hermsdorf e.V."]

1. e4 b6 2. d4 Bb7 3. Bd3 e6 4. Nf3 Nf6 5. Qe2 d5 6. e5 Ne4 7. O-O Be7 8. c4 h6
9. Nc3 Nxc3 10. bxc3 dxc4 11. Bxc4 O-O 12. Nd2 c5 13. dxc5 Bxc5 14. Ne4 Qc7 15.
Nxc5 Qxc5 16. Qg4 h5 17. Qf4 Nd7 18. Re1 Rac8 19. Bb3 Qxc3 20. Ba3 Nc5 21. Qg5
1/2-1/2

[Event "12. Lichtenberger Sommer"]
[Site "Berlin"]
[Date "2013.08.24"]
[Round "8.49"]
[White "Mc Aleenan, Charles"]
[Black "Schildt, Rene"]
[Result "0-1"]
[WhiteElo "1782"]
[BlackElo "2053"]
[PlyCount "58"]
[EventDate "2013.??.??"]
[WhiteTeam "Athenaeum Chess Club London"]
[BlackTeam "SC Zugzwang 95 e.V."]

1. d4 Nf6 2. Bf4 d5 3. e3 g6 4. Nf3 Bg7 5. Nbd2 O-O 6. h3 c5 7. c3 Nfd7 8. Be2
Nc6 9. O-O e5 10. dxe5 Ndxe5 11. Nxe5 Nxe5 12. Nf3 Nc4 13. Qb3 Qb6 14. Qxb6
axb6 15. b3 Na5 16. Be5 Bxe5 17. Nxe5 Nc6 18. Nf3 Ra3 19. Rfd1 Be6 20. Rd2 Rfa8
21. Bd1 b5 22. Ng5 b4 23. Nxe6 fxe6 24. cxb4 Nxb4 25. Bg4 Kf7 26. Rb1 Rxa2 27.
Rxa2 Rxa2 28. f4 Nc2 29. Rc1 b6 0-1

[Event "12. Lichtenberger Sommer"]
[Site "Berlin"]
[Date "2013.08.24"]
[Round "8.50"]
[White "Georgi, David"]
[Black "Kapr, Klaus"]
[Result "0-1"]
[WhiteElo "1696"]
[BlackElo "2069"]
[PlyCount "62"]
[EventDate "2013.??.??"]
[WhiteTeam "BSG Pneumant Fürstenwalde e.V."]
[BlackTeam "SC Friesen Lichtenberg e.V."]

1. Nc3 d5 2. e4 dxe4 3. Nxe4 Qd5 4. Qf3 c6 5. c4 Qa5 6. Bd3 Nd7 7. Qe2 e6 8.
Nf3 Ngf6 9. O-O Be7 10. Bc2 O-O 11. d4 Nxe4 12. Bxe4 Qh5 13. d5 cxd5 14. cxd5
Nc5 15. Bc2 Qxd5 16. b4 Nd7 17. Bb2 Bf6 18. Rad1 Qh5 19. Bxf6 Nxf6 20. Rd4 Bd7
21. Qd2 Bc6 22. Rh4 Qd5 23. Rd4 Qb5 24. a4 Qb6 25. Rf4 Bxf3 26. gxf3 Rfd8 27.
Qe2 Rac8 28. Rxf6 gxf6 29. Kh1 Qxb4 30. Rg1+ Kh8 31. Rg4 Qd2 0-1

[Event "12. Lichtenberger Sommer"]
[Site "Berlin"]
[Date "2013.08.24"]
[Round "8.51"]
[White "Zenkner, Christian"]
[Black "Zschäbitz, Klaus"]
[Result "1-0"]
[WhiteElo "1909"]
[BlackElo "2024"]
[PlyCount "54"]
[EventDate "2013.??.??"]
[WhiteTeam "SV Bad Bentheim"]
[BlackTeam "BSG 1827 Eckbauer e.V."]

1. d4 e6 2. e4 d5 3. Nc3 Bb4 4. e5 c5 5. a3 Bxc3+ 6. bxc3 Ne7 7. Nf3 Nbc6 8.
Bg5 Qa5 9. Qd2 cxd4 10. cxd4 Qxd2+ 11. Bxd2 Bd7 12. Rb1 O-O-O 13. Bd3 f6 14.
O-O Kb8 15. Ba6 Bc8 16. Rb2 Nf5 17. Rfb1 b6 18. Bd3 Nfxd4 19. Nxd4 Nxd4 20.
exf6 gxf6 21. a4 Rhg8 22. Kf1 Rg7 23. a5 Rb7 24. axb6 Rxb6 25. Ba5 h6 26. Rxb6+
axb6 27. Bxb6 Rf8 1-0

[Event "12. Lichtenberger Sommer"]
[Site "Berlin"]
[Date "2013.08.24"]
[Round "8.52"]
[White "Korell, Klaus-Peter"]
[Black "Poseck, Steffen"]
[Result "0-1"]
[WhiteElo "1960"]
[BlackElo "2044"]
[PlyCount "104"]
[EventDate "2013.??.??"]
[WhiteTeam "SG TT/Wiheil"]
[BlackTeam "BSV 63 Chemie Weißensee"]

1. d4 Nf6 2. Nf3 g6 3. g3 Bg7 4. Bg2 O-O 5. O-O d5 6. c4 c6 7. cxd5 cxd5 8. Nc3
Nc6 9. Bf4 e6 10. a3 Bd7 11. Nb5 Ne4 12. Nc3 Qb6 13. Na4 Qb5 14. e3 Nxd4 15.
exd4 Qxa4 16. Qxa4 Bxa4 17. Rac1 Rac8 18. Rxc8 Rxc8 19. Rc1 Rxc1+ 20. Bxc1 Nd6
21. Bd2 Nb5 22. Be3 Bd1 23. Bf1 Nd6 24. Ne5 Nf5 25. Bd3 Nxe3 26. fxe3 Bxe5 27.
dxe5 Kf8 28. Kf2 Ke7 29. Ke1 Ba4 30. Kd2 f6 31. exf6+ Kxf6 32. Be2 Ke5 33. Bf3
Bb5 34. Bg2 Bc6 35. Kd3 Kd6 36. Bh1 Kc5 37. Bf3 e5 38. b4+ Kb5 39. Bd1 Kb6 40.
a4 a5 41. Kc3 Bd7 42. Bb3 Be6 43. Bd1 Bf5 44. Bf3 Be6 45. Bd1 Bf7 46. Be2 d4+
47. exd4 exd4+ 48. Kxd4 axb4 49. Bd1 Ka5 50. Kd3 Be8 51. Kc4 Bxa4 52. Bb3 b5+
0-1

[Event "12. Lichtenberger Sommer"]
[Site "Berlin"]
[Date "2013.08.24"]
[Round "8.53"]
[White "Hess, Max"]
[Black "Salz, Matthias"]
[Result "1-0"]
[WhiteElo "2013"]
[BlackElo "1698"]
[PlyCount "113"]
[EventDate "2013.??.??"]
[WhiteTeam "Post-SV Memmingen e.V."]
[BlackTeam "SV Empor Berlin e.V."]

1. e4 c5 2. Nf3 Nc6 3. d4 cxd4 4. Nxd4 g6 5. c4 Bg7 6. Nc2 Nf6 7. Nc3 O-O 8.
Be2 d6 9. O-O Be6 10. Be3 Rc8 11. Na3 Nxe4 12. Nxe4 Bxb2 13. Nc2 Bxa1 14. Qxa1
Ne5 15. Bh6 Bxc4 16. Re1 Qa5 17. f4 Bd5 18. Bd1 Bxe4 19. Rxe4 Rxc2 20. Bxc2
Qc5+ 21. Qd4 Qxd4+ 22. Rxd4 Nc6 23. Rd1 Rd8 24. Rb1 b6 25. Bg5 f6 26. Bh4 Kf7
27. Bb3+ e6 28. Rc1 Rc8 29. g4 Ne7 30. Rxc8 Nxc8 31. Kf2 d5 32. Ke3 Nd6 33. Be1
Ke7 34. h4 Kd7 35. Bc3 Ne4 36. Ba4+ Ke7 37. Bb2 a6 38. Ba3+ Kd8 39. Kd4 Kc7 40.
Be8 Nd6 41. Ba4 h6 42. Bc1 h5 43. Bd1 hxg4 44. Bxg4 Kd7 45. Bh3 Nf5+ 46. Bxf5
gxf5 47. Ba3 Ke8 48. Bd6 Kd7 49. Bc7 b5 50. Kc5 Ke7 51. Kb6 d4 52. Kxa6 b4 53.
Ba5 e5 54. Bxb4+ Ke6 55. Kb5 exf4 56. Kc4 f3 57. Be1 1-0

[Event "12. Lichtenberger Sommer"]
[Site "Berlin"]
[Date "2013.08.24"]
[Round "8.54"]
[White "Albinus, Günter"]
[Black "Bernasconi, Roberto"]
[Result "1-0"]
[WhiteElo "1844"]
[BlackElo "1931"]
[PlyCount "113"]
[EventDate "2013.??.??"]
[WhiteTeam "SG Weißensee 49 e.V."]
[BlackTeam "C.S. Scacco Matto Como"]

1. Nf3 d5 2. b3 Nf6 3. Bb2 Bf5 4. e3 e6 5. Be2 Bd6 6. d4 Nbd7 7. Nbd2 O-O 8.
O-O h6 9. c4 c5 10. dxc5 Bxc5 11. cxd5 exd5 12. Nd4 Be6 13. Bf3 Ne5 14. Be2 Nc6
15. N2f3 Rc8 16. Rc1 Ne7 17. Ne5 a6 18. Ng4 Ne4 19. f3 Nd6 20. Nxe6 fxe6 21.
Bxg7 Bxe3+ 22. Nxe3 Rxc1 23. Qxc1 Kxg7 24. Qc3+ Kg8 25. Qe5 Qd7 26. Ng4 Ndf5
27. Nf6+ Rxf6 28. Qxf6 Qd6 29. g4 Qc5+ 30. Rf2 Nd4 31. Kg2 Nec6 32. Qxh6 Qc3
33. Qg6+ Kf8 34. Qd3 Qa1 35. Bd1 Ne5 36. Qd2 Ng6 37. Bc2 Nxc2 38. Qxc2 Nf4+ 39.
Kg3 Qe5 40. Qc8+ Kg7 41. Qxb7+ Kg6 42. Qb6 Ne2+ 43. Kh3 Nf4+ 44. Kh4 Qg5+ 45.
Kg3 Qe5 46. Rf1 d4 47. Qd8 Nd3+ 48. f4 Qe3+ 49. Kh4 Qe2 50. Qg8+ Kf6 51. Qf8+
Kg6 52. f5+ Kh7 53. Qf7+ Kh8 54. Qf6+ Kh7 55. Qg6+ Kh8 56. Qh6+ Kg8 57. Qxe6+
1-0

[Event "12. Lichtenberger Sommer"]
[Site "Berlin"]
[Date "2013.08.24"]
[Round "8.55"]
[White "Costello, Colin"]
[Black "Adelberger, Georg"]
[Result "0-1"]
[WhiteElo "1931"]
[BlackElo "1924"]
[PlyCount "116"]
[EventDate "2013.??.??"]
[WhiteTeam "SC Weisse Dame e.V."]
[BlackTeam "SC Kreuzberg e.V."]

1. c4 b6 2. Nf3 Nf6 3. g3 Bb7 4. Bg2 e6 5. O-O Be7 6. Nc3 O-O 7. d4 d6 8. b3
Nbd7 9. Bb2 Rb8 10. Qc2 c5 11. Rfd1 a6 12. a4 Qc7 13. d5 exd5 14. cxd5 Rfd8 15.
Rac1 Bc8 16. Ng5 h6 17. Nge4 b5 18. axb5 axb5 19. Ra1 b4 20. Nxf6+ Bxf6 21. Ne4
Bxb2 22. Qxb2 Bb7 23. Ra7 Ra8 24. Rda1 Rxa7 25. Rxa7 Qb8 26. Rxb7 Qxb7 27. Nxd6
Qb6 28. Nf5 Qf6 29. Qc2 Qa1+ 30. Bf1 Qc3 31. Qe4 Qe5 32. Qg4 Kh7 33. e4 g6 34.
Qh4 Re8 35. Qxh6+ Kg8 36. f4 Qh8 37. Qxh8+ Kxh8 38. Nd6 Re7 39. e5 Kg7 40. Bb5
Nb6 41. Bc6 Ra7 42. Ne4 Ra3 43. d6 Kf8 44. Ng5 Rxb3 45. e6 fxe6 46. Nxe6+ Kf7
47. Nxc5 Rb1+ 48. Kg2 Rc1 49. d7 Ke7 50. Ne6 Nxd7 51. Nd4 Rc4 52. Bxd7 Rxd4 53.
Ba4 Rd2+ 54. Kh3 Kf6 55. g4 b3 56. Bc6 Rd3+ 57. Kh4 b2 58. Be4 b1=Q 0-1

[Event "12. Lichtenberger Sommer"]
[Site "Berlin"]
[Date "2013.08.24"]
[Round "8.56"]
[White "Engelhardt, Erhard"]
[Black "Giannino, Domenico"]
[Result "0-1"]
[WhiteElo "1841"]
[BlackElo "1989"]
[PlyCount "64"]
[EventDate "2013.??.??"]
[WhiteTeam "SSV Rotation Berlin e.V."]
[BlackTeam "Spgem Kötz/Ichenhausen"]

1. f4 d5 2. e3 Bf5 3. Nf3 Nf6 4. b3 e6 5. Bb2 Be7 6. Be2 O-O 7. Ne5 c5 8. d3
Nfd7 9. Nxd7 Nxd7 10. O-O Bf6 11. c3 h6 12. d4 Be7 13. Nd2 Nf6 14. Rc1 Qa5 15.
a3 cxd4 16. b4 Qb6 17. exd4 a5 18. Qb3 axb4 19. cxb4 Ne4 20. Nxe4 Bxe4 21. Kh1
Rac8 22. h3 Qd6 23. Qe3 g5 24. Kh2 gxf4 25. Rxf4 Bg5 26. g3 Bxf4 27. gxf4 Rxc1
28. Qxc1 Kh7 29. Qe3 Rg8 30. Bf3 Qc6 31. Bxe4+ dxe4 32. Qe2 f5 0-1

[Event "12. Lichtenberger Sommer"]
[Site "Berlin"]
[Date "2013.08.24"]
[Round "8.57"]
[White "Kay, Jonathan"]
[Black "Werner, Justus"]
[Result "1/2-1/2"]
[WhiteElo "1953"]
[BlackElo "1737"]
[PlyCount "86"]
[EventDate "2013.??.??"]
[WhiteTeam "Athenaeum Chess Club London"]
[BlackTeam "SG Blau-Weiß Stadtilm"]

1. d4 Nf6 2. Nf3 e6 3. Bf4 b6 4. e3 Bb7 5. Nbd2 Be7 6. Bd3 O-O 7. O-O d6 8. h3
Nbd7 9. c3 c5 10. Rc1 d5 11. Ne5 Nxe5 12. Bxe5 Bd6 13. Bxd6 Qxd6 14. f4 Nd7 15.
Qh5 f5 16. g4 Nf6 17. Qh4 Ne4 18. Nf3 Qd8 19. g5 Rc8 20. Rc2 Qe7 21. Rg2 Rc7
22. Kh2 a6 23. Qe1 b5 24. a3 Rfc8 25. Ne5 Bc6 26. g6 h6 27. h4 Be8 28. h5 a5
29. Bxe4 dxe4 30. Rd2 b4 31. axb4 cxb4 32. cxb4 axb4 33. Kg3 Rc2 34. Rff2 b3
35. Qd1 Ba4 36. d5 exd5 37. Rxc2 bxc2 38. Qxd5+ Kf8 39. Rxc2 Rxc2 40. Qa8+ Qe8
41. Qb7 Rc8 42. Qa6 Bb3 43. Qa3+ Qe7 1/2-1/2

[Event "12. Lichtenberger Sommer"]
[Site "Berlin"]
[Date "2013.08.24"]
[Round "8.58"]
[White "Schmidt, Jürgen"]
[Black "Fiedler, Wolfgang"]
[Result "1-0"]
[WhiteElo "2024"]
[BlackElo "2012"]
[PlyCount "117"]
[EventDate "2013.??.??"]
[WhiteTeam "SC Kreuzberg e.V."]
[BlackTeam "SV Berolina Mitte e.V."]

1. e4 Nf6 2. e5 Nd5 3. d4 d6 4. Nf3 Nc6 5. Bc4 dxe5 6. Nxe5 Nxe5 7. dxe5 c6 8.
O-O Be6 9. Qf3 Qc7 10. Re1 g6 11. Nc3 Rd8 12. Bg5 Bg7 13. Rad1 h6 14. Bh4 Bxe5
15. Nxd5 Bxd5 16. Bxd5 Rxd5 17. Rxd5 cxd5 18. Qe3 Bxh2+ 19. Kh1 Bd6 20. Bf6 O-O
21. Bc3 e5 22. Qxh6 d4 23. Re4 Qe7 24. Rh4 Qxh4+ 25. Qxh4 dxc3 26. bxc3 Rc8 27.
g3 Kg7 28. Qe4 Rc6 29. c4 a6 30. Qd5 Kf6 31. a4 Ke7 32. Kg2 Rc7 33. c5 Rxc5 34.
Qxb7+ Rc7 35. Qxa6 Rxc2 36. Qb7+ Rc7 37. Qb3 f6 38. a5 Bc5 39. a6 Ra7 40. Qb5
Bd4 41. Qc6 g5 42. g4 Kf7 43. Kf3 Ke7 44. Ke4 Rd7 45. f3 Rd6 46. Qc8 Rd8 47.
Qb7+ Rd7 48. Qb3 Ba7 49. Kf5 Rd6 50. Qb4 Bd4 51. Qb8 Rd7 52. Qh8 e4 53. fxe4
Kd6 54. Qc8 Ke7 55. Qc4 Rd6 56. Qb4 Bg1 57. e5 fxe5 58. Kxe5 Bh2+ 59. Kf5 1-0

[Event "12. Lichtenberger Sommer"]
[Site "Berlin"]
[Date "2013.08.24"]
[Round "8.59"]
[White "Schmidek, Emil"]
[Black "Schräpel, Manfred"]
[Result "1-0"]
[WhiteElo "1931"]
[BlackElo "1903"]
[PlyCount "81"]
[EventDate "2013.??.??"]
[WhiteTeam "TuS Makkabi Berlin e.V."]
[BlackTeam "BSV 63 Chemie Weißensee"]

1. e4 c5 2. Nf3 Nc6 3. d4 cxd4 4. Nxd4 Nf6 5. Nc3 d6 6. Nb3 e6 7. Bd3 d5 8.
exd5 Nxd5 9. Nxd5 Qxd5 10. O-O Ne5 11. Be2 Qxd1 12. Rxd1 Nc6 13. Bf4 e5 14. Be3
Be6 15. Nc5 Bc8 16. Bb5 Be7 17. Na6 O-O 18. Nc7 Rb8 19. Nd5 Bd8 20. Bc5 Nd4 21.
Bxf8 Kxf8 22. Bd3 Be6 23. Ne3 b5 24. c3 Nc6 25. Be4 Ne7 26. Nd5 f5 27. Nxe7
Kxe7 28. Bc2 a5 29. Bb3 Bc8 30. Rd5 Bc7 31. Rad1 a4 32. Bc2 Be6 33. Rc5 Rb7 34.
Bd3 Bd7 35. Be2 Ke6 36. g4 g6 37. gxf5+ gxf5 38. Bf3 e4 39. Bg2 Bf4 40. Bh3 Kf6
41. Rxd7 1-0

[Event "12. Lichtenberger Sommer"]
[Site "Berlin"]
[Date "2013.08.24"]
[Round "8.60"]
[White "Batzaya, Ayush"]
[Black "Birkholz, Axel"]
[Result "0-1"]
[WhiteElo "1952"]
[BlackElo "1857"]
[PlyCount "120"]
[EventDate "2013.??.??"]
[WhiteTeam "SV Berolina Mitte e.V."]
[BlackTeam "SV Trossingen"]

1. e4 e5 2. Nf3 Nc6 3. d4 exd4 4. Nxd4 Nf6 5. f3 Bc5 6. Be3 Bb6 7. Nc3 O-O 8.
a4 d5 9. exd5 Nxd5 10. Nxc6 bxc6 11. Nxd5 cxd5 12. Bxb6 axb6 13. Kf2 Bf5 14.
Bb5 Qd6 15. Bd3 Bxd3 16. Qxd3 Rfe8 17. Rhd1 c6 18. c4 Qc5+ 19. Qd4 Qxc4 20.
Qxc4 dxc4 21. Rd6 Rec8 22. Ke3 Kf8 23. g4 b5 24. a5 Ra6 25. Kd4 Rca8 26. Kc5
Rc8 27. h4 h6 28. g5 hxg5 29. hxg5 g6 30. f4 Kg7 31. Rf6 Kf8 32. Rd1 Ke7 33.
Re1+ Kf8 34. Rd1 Ke7 35. Rdd6 Rxa5 36. Rxc6 Rxc6+ 37. Kxc6 b4 38. Kb6 Rd5 39.
Kc6 Rf5 40. Rd6 Rxf4 41. Rd7+ Ke8 42. Rb7 c3 43. bxc3 bxc3 44. Kd6 Rd4+ 45. Ke5
Rd7 46. Rb8+ Rd8 47. Rb3 Rc8 48. Rb1 c2 49. Rc1 Ke7 50. Kd5 f6 51. gxf6+ Kxf6
52. Rf1+ Kg7 53. Rc1 g5 54. Ke4 Kg6 55. Kf3 Kf5 56. Kg3 Rc3+ 57. Kg2 g4 58. Kf2
Kf4 59. Kg2 Ke3 60. Kg3 Kd2+ 0-1

[Event "12. Lichtenberger Sommer"]
[Site "Berlin"]
[Date "2013.08.24"]
[Round "8.61"]
[White "Kohlmeyer, Dagobert"]
[Black "Kutschke, Jens"]
[Result "0-1"]
[WhiteElo "1892"]
[BlackElo "1891"]
[PlyCount "122"]
[EventDate "2013.??.??"]
[WhiteTeam "SC Rochade e.V."]
[BlackTeam "Sfrd. Berlin 1903 e.V."]

1. e4 e6 2. d4 d5 3. Nc3 Bb4 4. e5 c5 5. a3 Bxc3+ 6. bxc3 Qc7 7. Nf3 Nc6 8. a4
Qa5 9. Bd2 Nge7 10. c4 Qc7 11. cxd5 exd5 12. Bb5 O-O 13. c3 cxd4 14. cxd4 Bg4
15. Rc1 f6 16. Bf4 Bxf3 17. Qxf3 fxe5 18. dxe5 Qa5+ 19. Bd2 Qb6 20. Qe3 Qxe3+
21. Bxe3 a6 22. Be2 d4 23. Bc4+ Kh8 24. Bg5 Ng6 25. e6 h6 26. Bd2 Nge5 27. Be2
Rae8 28. f4 Ng6 29. O-O Rxe6 30. Bd3 Ref6 31. g3 Nge7 32. Rfe1 Nd5 33. Rc4 Nb6
34. Rxc6 Rxc6 35. a5 Nc4 36. Bb4 Rd8 37. Re7 b5 38. Be4 Rf6 39. Kf2 d3 40. Bc3
d2 41. Bxf6 gxf6 42. Bc2 d1=Q 43. Bxd1 Rxd1 44. Ra7 Rd6 45. f5 h5 46. Kf3 Nxa5
47. g4 hxg4+ 48. Kxg4 Nc6 49. Ra8+ Kg7 50. Kh5 Ne7 51. Ra7 Kf7 52. Rb7 Rd5 53.
Kg4 Rxf5 54. Ra7 Rc5 55. Rxa6 Rc6 56. Ra7 Rb6 57. h4 b4 58. Ra2 b3 59. Rb2 Rb4+
60. Kh3 Nf5 61. h5 Kg7 0-1

[Event "12. Lichtenberger Sommer"]
[Site "Berlin"]
[Date "2013.08.24"]
[Round "8.63"]
[White "George, Tom"]
[Black "Lübke, Thomas"]
[Result "1-0"]
[WhiteElo "1901"]
[BlackElo "1964"]
[PlyCount "69"]
[EventDate "2013.??.??"]
[WhiteTeam "SG Blau-Weiß Stadtilm"]
[BlackTeam "FVS ASP Hoyerswerda"]

1. Nc3 d5 2. e4 dxe4 3. Nxe4 Bf5 4. Ng3 Bg6 5. Nf3 Nd7 6. Bc4 e6 7. O-O Ngf6 8.
Re1 Be7 9. d4 O-O 10. Qe2 Re8 11. Bg5 h6 12. Bd2 c5 13. Ne5 Nxe5 14. dxe5 Nd5
15. Ne4 Qc7 16. f4 Red8 17. c3 a6 18. a4 Qc6 19. b3 Rd7 20. Bd3 Rad8 21. Bc2 b5
22. axb5 axb5 23. c4 bxc4 24. bxc4 Nb4 25. Ba4 Qb7 26. Bxd7 Rxd7 27. Bxb4 cxb4
28. Qe3 Qc6 29. Rac1 Rb7 30. Nd6 Bxd6 31. exd6 Qxd6 32. Red1 Qc7 33. c5 b3 34.
c6 Rb8 35. Rd7 1-0